Top 100
Mimoriadna sekcia Trendu. Najväčšie nefinančné podniky v SR podľa individuálnych tržieb za rok 1998. Podniky s najväčším ziskom. Najväčší zamestnávatelia. Najväčší exportéri. Podniky s najväčším majetkom. Komentáre k TREND Top 100. Odvetvia SR. Najväčšie prírastky a poklesy.
Salvato in:
| Natura: | Capitolo di libro |
|---|---|
| Lingua: | slovacco |
| Soggetti: | |
| Tags: |
Nessun Tag, puoi essere il primo ad aggiungerne!!
|
MARC
| LEADER | 00000naa a2200000 4500 | ||
|---|---|---|---|
| 001 | r035408 | ||
| 005 | 20230921103824.5 | ||
| 041 | 0 | |a slo | |
| 044 | |a SK | ||
| 245 | 1 | 0 | |a Top 100 |
| 520 | |a Mimoriadna sekcia Trendu. Najväčšie nefinančné podniky v SR podľa individuálnych tržieb za rok 1998. Podniky s najväčším ziskom. Najväčší zamestnávatelia. Najväčší exportéri. Podniky s najväčším majetkom. Komentáre k TREND Top 100. Odvetvia SR. Najväčšie prírastky a poklesy. | ||
| 610 | 2 | 0 | |a podnik |
| 610 | 2 | 0 | |a tržby |
| 610 | 2 | 0 | |a zisk |
| 610 | 2 | 0 | |a zamestnávatelia |
| 610 | 2 | 0 | |a vývoz |
| 610 | 2 | 0 | |a majetok podnikový |
| 610 | 2 | 0 | |a odvetvia činnosti ekonomickej |
| 610 | 2 | 0 | |a Slovensko |
| 610 | 2 | 0 | |a 1998 |
| 610 | 2 | 0 | |a TREND Top 100 |